<?xml version="1.0" encoding="UTF-8"?><?xml-stylesheet type="text/xsl" href="static/style.xsl"?><OAI-PMH xmlns="http://www.openarchives.org/OAI/2.0/" xmlns:xsi="http://www.w3.org/2001/XMLSchema-instance" xsi:schemaLocation="http://www.openarchives.org/OAI/2.0/ http://www.openarchives.org/OAI/2.0/OAI-PMH.xsd"><responseDate>2026-06-01T14:49:05Z</responseDate><request verb="GetRecord" identifier="oai:riuma.uma.es:10630/45456" metadataPrefix="marc">https://riuma.uma.es/rest/oai/request</request><GetRecord><record><header><identifier>oai:riuma.uma.es:10630/45456</identifier><datestamp>2026-02-14T00:46:10Z</datestamp><setSpec>com_10630_2254</setSpec><setSpec>col_10630_37953</setSpec></header><metadata><record xmlns="http://www.loc.gov/MARC21/slim" xmlns:dcterms="http://purl.org/dc/terms/" xmlns:doc="http://www.lyncode.com/xoai" xmlns:xsi="http://www.w3.org/2001/XMLSchema-instance" xsi:schemaLocation="http://www.loc.gov/MARC21/slim http://www.loc.gov/standards/marcxml/schema/MARC21slim.xsd">
   <leader>00925njm 22002777a 4500</leader>
   <datafield ind2=" " ind1=" " tag="042">
      <subfield code="a">dc</subfield>
   </datafield>
   <datafield ind2=" " ind1=" " tag="720">
      <subfield code="a">Calderón-Roca, María Belén</subfield>
      <subfield code="e">author</subfield>
   </datafield>
   <datafield ind2=" " ind1=" " tag="260">
      <subfield code="c">2010</subfield>
   </datafield>
   <datafield ind2=" " ind1=" " tag="520">
      <subfield code="a">Entre 1922 y 1945 el gobierno fascista trató de aproximar la ciudad de Roma a la sociedad italiana mediante el direccionamiento arquitectónico, la reinvención de su pasado histórico
y la sacralización del mito de la Romanidad. Benito Mussolini, promotor absoluto de la resurrección de la grandeza imperial de la antigüedad romana, fue el artífice de una política de masas dirigida a consolidar la hegemonía del fascismo mediante una imagen urbana que ofrecía secuencias inconexas, falseadas y descontextualizadas de la realidad. En qué medida la historia de la urbe romana, capturada por la doctrina fascista y en concreto, por el pensamiento del Duce, es deudora del estrato mitológico quedará expuesto en estas páginas.</subfield>
   </datafield>
   <datafield ind1="8" ind2=" " tag="024">
      <subfield code="a">Roca, B. C. (2009). Roma, archipiélago de la memoria. La ciudad del Duce entre mito, proyecto y realidad. Boletín de arte, (30), 367-384.</subfield>
   </datafield>
   <datafield ind1="8" ind2=" " tag="024">
      <subfield code="a">0211-8483</subfield>
   </datafield>
   <datafield ind1="8" ind2=" " tag="024">
      <subfield code="a">https://hdl.handle.net/10630/45456</subfield>
   </datafield>
   <datafield ind1="8" ind2=" " tag="024">
      <subfield code="a">10.24310/BoLArte.2010.v0i30-31.4379</subfield>
   </datafield>
   <datafield tag="653" ind2=" " ind1=" ">
      <subfield code="a">Ideología - En el arte</subfield>
   </datafield>
   <datafield tag="653" ind2=" " ind1=" ">
      <subfield code="a">Fascismo y cultura</subfield>
   </datafield>
   <datafield ind2="0" ind1="0" tag="245">
      <subfield code="a">Roma, archipiélago de la memoria. La ciudad del Duce entre mito, proyecto y realidad.</subfield>
   </datafield>
</record>
</metadata></record></GetRecord></OAI-PMH>